| 000 | 00799nam a2200181 4500 | ||
|---|---|---|---|
| 999 |
_c63823 _d63823 |
||
| 003 | Ge_BSU | ||
| 005 | 20260128153451.0 | ||
| 008 | 260128s1962 ge ||||| |||| 00| 0 geo d | ||
| 041 | _ageo | ||
| 080 | _a911.63(479.22) ზ-33 | ||
| 100 |
_aზარდალიშვილი, გ. _926747 |
||
| 245 |
_aსაქართველოს სსრ ეკონომიური დარაიონება / _cგ. ზარდალაშვილი. |
||
| 264 |
_aთბ. : _bსაბჭ. საქართველო, _c1962. |
||
| 300 |
_a237 გვ. ; _b20 სმ. |
||
| 504 | _aბიბლიოგრ. შენიშვნებში. | ||
| 653 | _aსაქართველოს ეკონომიური დარაიონება | ||
| 942 |
_2udc _cᲬᲘᲒᲜᲘ |
||